Top20.cz. 2009/1

Korporativní autor: Kryštof (hudební skupina)
Další autoři: Ztracený, Marek, 1985-
Jazyk: Čeština
Vydáno: [Praha] : Universal Music, p2009
Témata:
Fyzický popis: 2 zvukové desky : digital ; 12 cm¨+ 1 brožura
Zvukové nahrávky
Uloženo v:
LEADER 02130njm a2200397 a 4500
001 000954883
003 CZ BrMZK
005 20090827074627.0
007 sd fsngnnmmned
008 090713s2009 xr ppn g cze d
024 3 |a 600753174227 
028 0 3 |a 5317422  |b Universal Music 
028 0 3 |a 5317423  |b Universal Music 
028 0 3 |a 5317424  |b Universal Music 
028 0 2 |a 5317422 (5317423--5317424)  |b Universal Music 
040 |a BOA001  |b cze 
072 7 |a 784  |x Vokální hudba  |2 Konspekt  |9 9 
080 |a 784.4  |2 MRF 
080 |a (086.76)  |2 MRF 
245 0 0 |a Top20.cz.  |n 2009/1  |h [zvukový záznam] 
260 |a [Praha] :  |b Universal Music,  |c p2009 
300 |a 2 zvukové desky :  |b digital ;  |c 12 cm¨+  |e 1 brožura 
500 |a Kompaktní desky 
500 |a Kompilace 
500 |a Původní fonogramy p2007-p2009 různá vydavatelství 
505 0 0 |t Tak nějak málo tančím --  |t Ztrácíš --  |t Hvězdy nad hlavou --  |t Jak ten chlap se na mne dívá --  |t Boží mlejny melou --  |t Pýcha a pád --  |t Vo svetle žiaracích hviezd --  |t Twice Shy --  |t Láska umí víc --  |t O šťastí --  |t Anděl --  |t Mít rád až k zbláznění --  |t Noční letci --  |t Každou vteřinou --  |t Navěky --  |t Laviny --  |t Možná --  |t Sorry Baby --  |t How Did I Get There --  |t Za všechno může čas --  |t I Hate This Part --  |t Just Dance --  |t Right Now --  |t Promise --  |t Pjanoo --  |t Infinity 2008 --  |t Can't Get Over --  |t Memory --  |t Hey Hi Hello 09 --  |t Freeloader --  |t I Love Rock'N'Roll --  |t Baker Street --  |t Numb --  |t Dancing Into Danger --  |t Where Is The Love --  |t Welcome To The Club --  |t Personal Jesus --  |t Feel It --  |t Hurricane 09 --  |t Day'N'Nite 
511 0 |a Kryštof ; Marek Ztracený a další 
650 0 7 |a populární písně  |7 ph124354  |y 2001-2010  |2 czenas 
650 0 7 |a taneční hudba  |7 ph126436  |y 2001-2010  |2 czenas 
655 7 |a kompaktní desky  |7 fd201991  |2 czenas 
700 1 |a Ztracený, Marek,  |d 1985-  |7 xx0088360  |4 sng 
710 2 |a Kryštof (hudební skupina)  |7 kn20030221010 
910 |a BOA001  |b CD-0015.438,1 
990 |a AV 
991 |b 200908 
996 6 |b 261H017119  |c CD-0015.438,1  |l MZK  |r Sklad / do 24 hodin  |n 0  |w 001086882  |u 000010  |a 1  |e BOA001  |j MZK50  |s P